The most random countries - Statistics

General Stats
  • This quiz has been taken 7 times
  • The average score is 8 of 15
Answer Stats
Hint Answer % Correct
Oceania Palau
100%
Oceania Solomon islands
83%
Central America Belize
67%
Africa Comoros
67%
South America Paraguay
67%
Africa Burundi
50%
Caribbean Haiti
50%
Africa Lesotho
50%
Oceania New Zealand
50%
Asia Tajikistan
50%
Asia Brunei
33%
Africa Chad
33%
Africa Eritrea
33%
Asia Bahrain
17%
Asia North Korea
17%
No matching quizzes found
Score Distribution
Percent of People with Each Score
Percentile by Number Answered
Your Score History
You have not taken this quiz